| 000 | 01295nam a22003614a 4500 | ||
|---|---|---|---|
| 001 | ebr10296387 | ||
| 003 | CaPaEBR | ||
| 006 | m u | ||
| 007 | cr cn||||||||| | ||
| 008 | 031126s2004 inua s 001 0 eng | ||
| 010 | _z 2003115911 | ||
| 020 | _z0764544977 (pbk.) | ||
| 040 |
_aCaPaEBR _cCaPaEBR |
||
| 035 | _a(OCoLC)614842142 | ||
| 050 | 1 | 4 |
_aQA76.76.O63 _bM37157 2004eb |
| 082 | 0 | 4 |
_a005.26/8 _222 |
| 100 | 1 | _aMatthew, Neil. | |
| 245 | 1 | 0 |
_aBeginning Linux programming _h[electronic resource] / _cNeil Matthew, Richard Stones. |
| 250 | _a3rd ed. | ||
| 260 |
_aIndianapolis, IN : _bWiley Pub., _cc2004. |
||
| 300 |
_axxxix, 848 p. : _bill. |
||
| 490 | 1 | _aWrox beginning guides | |
| 500 | _a"Programmer to programmer."--Cover. | ||
| 500 | _aIncludes index. | ||
| 533 |
_aElectronic reproduction. _bPalo Alto, Calif. : _cebrary, _d2013. _nAvailable via World Wide Web. _nAccess may be limited to ebrary affiliated libraries. |
||
| 630 | 0 | 0 | _aLinux. |
| 650 | 0 | _aOperating systems (Computers) | |
| 655 | 7 |
_aElectronic books. _2local |
|
| 700 | 1 | _aStones, Richard. | |
| 710 | 2 | _aebrary, Inc. | |
| 830 | 0 | _aWrox beginning guides. | |
| 856 | 4 | 0 |
_uhttp://site.ebrary.com/lib/rucke/Doc?id=10296387 _zAn electronic book accessible through the World Wide Web; click to view |
| 999 |
_c77322 _d77322 |
||